000
00350 a2200169 4500
001
182581
020
_a
040
_c
Magnum
100
_a
Cony, Carlos Heitor
240
1
0
_a
Quase memória
_l
por
245
1
0
_a
Quase memória
300
_a
223
362
0
_a
2003
440
1
_a
Companhia das Letras
697
_a
LITERATURA GERAL
942
_c
BK
999
_c
182581
_d
182581